La vie
Đã lưu trong:
| Príomhúdar: | |
|---|---|
| Formáid: | Leabhar |
| Teanga: | Undetermined |
| Foilsithe: |
Paris
Larousse
1962
|
| Ábhair: | |
| Clibeanna: |
Cuir Clib Leis
Gan Chlibeanna, Bí ar an gcéad duine leis an taifead seo a chlibeáil!
|
| Thư viện lưu trữ: | Trung tâm Học liệu Trường Đại học Cần Thơ |
|---|
| LEADER | 00450nam a2200181Ia 4500 | ||
|---|---|---|---|
| 001 | CTU_26238 | ||
| 008 | 210402s9999 xx 000 0 und d | ||
| 082 | |a 574 | ||
| 082 | |b R839 | ||
| 100 | |a Jean Rostand | ||
| 245 | 0 | |a La vie | |
| 245 | 0 | |c Jean Rostand, André | |
| 260 | |a Paris | ||
| 260 | |b Larousse | ||
| 260 | |c 1962 | ||
| 650 | |a biology,life sciences | ||
| 904 | |i Minh, 981012 | ||
| 980 | |a Trung tâm Học liệu Trường Đại học Cần Thơ | ||